=LDR 00000nam 2200000 4500 =001 INLIS000000000018568 =005 20200225071115 =035 ##$$a 0010-061300000018568 =008 200225################g##########0#ind## =041 ##$$a Ind =082 ##$$a 154.22 =090 ##$$a 154.22, Ran k =100 ##$$a RAND, Ayn =245 1#$$a Kebajikan sang diri : $b Konsep baru ego /$c Ayn Rand =260 ##$$a Jakarta :$b Ikon Teralitera,$c 2003 =300 ##$$a xiii, 194 hlm. ; $c 14x21 cm. =650 #4$$a Ego (Psikologi) =850 ##$$a NBPNMAT =020 ##$$a 979-3016-29-9 =084 ##$$a 154.22 RAN k =990 ##$$a 10310241 =990 ##$$a 10310243